Rudgea monofructus (<Rubiaceae>), an unusual new species from Costa Rica (Registro nro. 9998)

Detalles MARC
000 -CABECERA
Campo de control 006910000a22002050004500
090 ## - CLASIFICACIÓN LOCAL
Colección AR
Consecutivo 00910
041 0# - IDIOMA
Código de idioma para texto/pista de sonido o título separado
100 1# - ASIENTO PRINCIPAL--NOMBRE PERSONAL
Nombre personal Taylor, Charlotte M.
245 10 - MENCION DE TITULO
Título Rudgea monofructus (<Rubiaceae>), an unusual new species from Costa Rica
650 14 - ASIENTO SECUNDARIO DE MATERIA - TERMINO TEMATICO
Término temático o nombre geográfico como elemento de entrada Vegetación
650 14 - ASIENTO SECUNDARIO DE MATERIA - TERMINO TEMATICO
Término temático o nombre geográfico como elemento de entrada Nuevas especies
650 14 - ASIENTO SECUNDARIO DE MATERIA - TERMINO TEMATICO
Término temático o nombre geográfico como elemento de entrada Morfología vegetal
650 14 - ASIENTO SECUNDARIO DE MATERIA - TERMINO TEMATICO
Término temático o nombre geográfico como elemento de entrada Sistemática vegetal
651 #4 - ASIENTO SECUNDARIO DE MATERIA - NOMBRE GEOGRAFICO
-- Volcán Miraballes
-- Costa rica
653 ## - TERMINO DE INDIZACION - NO CONTROLADO
-- Rubiaceae
-- Rudgea
-- Rudgea monofructus
700 1# - ASIENTO SECUNDARIO - NOMBRE PERSONAL
Nombre personal Gómez Laurito, Jorge
700 1# - ASIENTO SECUNDARIO - NOMBRE PERSONAL
Nombre personal Dwyer, John
773 1# - Item fuente:
Título Novon: a Journal for Botanical Nomenclature
Especificación de materiales 56
Descripción física 1
Paginas del Articulo 50-51
Lugar, editorial y fecha de publicación 1991
Información sobre la relación 1
942 ## - ELEMENTOS ADICIONALES (KOHA)
Tipo de ítem Artículo
Existencias
Withdrawn status Lost status Damaged status No para préstamo Colección Ubicación Permanente Ubicación actual Fecha de adquisición Fuente de Valor Datos de publicación Seriada Total Checkouts Número topográfico Inventario / Código de Barras Date last seen Ejemplar Price effective from Forma de adquisición Tipo de material
      No para Préstamo Hemeroteca Bogotá Bogotá 27/02/2015 Curso indicadores Fuera de circulación   AR 00910 011203 25/03/2015 1 25/03/2015   Artículo